International purchasing and management / (Record no. 4508)
[ view plain ]
| 000 -LEADER | |
|---|---|
| fixed length control field | 00933cam a2200241 a 4500 |
| 001 - CONTROL NUMBER | |
| control field | 13225475 |
| 005 - DATE AND TIME OF LATEST TRANSACTION | |
| control field | 20250304104738.0 |
| 008 - FIXED-LENGTH DATA ELEMENTS--GENERAL INFORMATION | |
| fixed length control field | 030605s2001 enkab b 001 0 eng d |
| 020 ## - INTERNATIONAL STANDARD BOOK NUMBER | |
| International Standard Book Number | 1861525117 |
| 050 00 - LIBRARY OF CONGRESS CALL NUMBER | |
| Classification number | HD39.5 |
| Item number | .B73 2001 |
| 082 04 - DEWEY DECIMAL CLASSIFICATION NUMBER | |
| Classification number | 658.72 |
| Edition information | 21 |
| 100 1# - MAIN ENTRY--PERSONAL NAME | |
| Personal name | Branch, Alan E. |
| Fuller form of name | (Alan Edward), |
| Dates associated with a name | 1933- |
| 245 10 - TITLE STATEMENT | |
| Title | International purchasing and management / |
| Statement of responsibility, etc. | Alan E. Branch. |
| 260 ## - PUBLICATION, DISTRIBUTION, ETC. | |
| Place of publication, distribution, etc. | Australia : |
| -- | London : |
| Name of publisher, distributor, etc. | Thomson Learning, |
| Date of publication, distribution, etc. | c2001. |
| 300 ## - PHYSICAL DESCRIPTION | |
| Extent | viii, 342 p. : |
| Other physical details | ill., 1 map ; |
| Dimensions | 25 cm. |
| 650 #0 - SUBJECT ADDED ENTRY--TOPICAL TERM | |
| Topical term or geographic name entry element | Industrial procurement. |
| 650 #0 - SUBJECT ADDED ENTRY--TOPICAL TERM | |
| Topical term or geographic name entry element | Purchasing. |
| 650 #0 - SUBJECT ADDED ENTRY--TOPICAL TERM | |
| Topical term or geographic name entry element | International trade. |
| 856 41 - ELECTRONIC LOCATION AND ACCESS | |
| Materials specified | Table of contents |
| Uniform Resource Identifier | <a href="http://www.loc.gov/catdir/toc/fy043/2004268501.html">http://www.loc.gov/catdir/toc/fy043/2004268501.html</a> |
| 856 42 - ELECTRONIC LOCATION AND ACCESS | |
| Materials specified | Contributor biographical information |
| Uniform Resource Identifier | <a href="http://www.loc.gov/catdir/enhancements/fy1103/2004268501-b.html">http://www.loc.gov/catdir/enhancements/fy1103/2004268501-b.html</a> |
| 856 42 - ELECTRONIC LOCATION AND ACCESS | |
| Materials specified | Publisher description |
| Uniform Resource Identifier | <a href="http://www.loc.gov/catdir/enhancements/fy1103/2004268501-d.html">http://www.loc.gov/catdir/enhancements/fy1103/2004268501-d.html</a> |
| 942 ## - ADDED ENTRY ELEMENTS (KOHA) | |
| Source of classification or shelving scheme | Library of Congress Classification |
| Koha item type | Books |
| Suppress in OPAC | No |
| 999 ## - | |
| -- | 4508 |
| -- | 4508 |
| Withdrawn status | Lost status | Source of classification or shelving scheme | Damaged status | Not for loan | Collection | Home library | Current library | Shelving location | Date acquired | Total checkouts | Full call number | Barcode | Date last seen | Copy number | Price effective from | Koha item type |
|---|---|---|---|---|---|---|---|---|---|---|---|---|---|---|---|---|
| Library of Congress Classification | Non-fiction | Undergraduate Library (Christ Temple) | Undergraduate Library (Christ Temple) | General stacks | 03/04/2025 | HD39.5 BRA | ulct00001508 | 03/04/2025 | 1 | 03/04/2025 | Books | |||||
| Library of Congress Classification | Non-fiction | Undergraduate Library (Christ Temple) | Undergraduate Library (Christ Temple) | General stacks | 03/04/2025 | HD39.5 BRA | ulct00001509 | 03/04/2025 | 2 | 03/04/2025 | Books | |||||
| Library of Congress Classification | Non-fiction | Undergraduate Library (Christ Temple) | Undergraduate Library (Christ Temple) | General stacks | 03/04/2025 | HD39.5 BRA | ulct00001510 | 03/04/2025 | 3 | 03/04/2025 | Books |